00669nam a22002057a 450000500170000001000130001702000100003003500130004003700100005308200080006310000300007124500530010125000120015426000360016627000570020230000270025994200220028699900170030895201380032520110926104928.0 aG-001525 c90.001daG-001525 bGift  a485 aDutta, Kalyannath 934842 aR.B. Sheridan the rivals /cby Kalyannath Dutta  a2nd ed. aNew Delhi bRama Brothersc1999 a2629/4, Bank Street, Karol Bagh,bNew Delhi e110005 axi, 440p. c22cm(pbk)  2ddccENh485mDUT c56967d56967 001040708NFICaJPbJPd2011-09-26egiftg90.00l1m1o485 DUTpG-001525r2016-09-17 00:00:00s2016-08-30t1v90.00w2011-09-26yEN